书目信息 |
| 题名: |
RNA干扰从生物学到临床应用
|
|
| 作者: | 闵卫平 | |
| 分册: | ||
| 出版信息: | 北京 科学出版社 2012 |
|
| 页数: | 450 | |
| 开本: | 26cm | |
| 丛书名: | ||
| 单 册: | ||
| 中图分类: | Q52 | |
| 科图分类: | ||
| 主题词: | 核酸 | |
| 电子资源: | ||
| ISBN: | 7-03-034439-7 | |
| 000 | 00569nam0 2200181 450 | |
| 001 | 1735846483 | |
| 005 | 20170410095726.48 | |
| 010 | @a7-03-034439-7@b精装@d¥138.00 | |
| 100 | @a20170410d km y0chiy0120 ea | |
| 101 | 0 | @achi |
| 200 | 1 | @aRNA干扰从生物学到临床应用@ARNA gan rao cong sheng wu xue dao lin chuang ying yong@e英文版@f闵卫平@Fmin wei ping |
| 210 | @a北京@c科学出版社@d2012 | |
| 215 | @a450@d26cm | |
| 606 | 0 | @a核酸 |
| 690 | @aQ52@v4 | |
| 701 | 0 | @a闵卫平@Amin wei ping |
| 801 | 0 | @aCN@b大连网信软件有限公司图书馆·11@c20170410 |
| 905 | @b6604351@dQ52@en5@f1 | |
| RNA干扰从生物学到临床应用:英文版/闵卫平.-北京:科学出版社,2012 |
| 450;26cm |
| ISBN 7-03-034439-7(精装):¥138.00 |
| ● |
| 相关链接 |
|
|
|
|
正题名:RNA干扰从生物学到临床应用
索取号:Q52/n5
 
预约/预借
| 序号 | 登录号 | 条形码 | 馆藏地/架位号 | 状态 | 备注 |
| 1 | 6604351 | 266043514 | 密集书库-生命科学系/ [索取号:Q52/n5] | 在馆 |